[Event "Metalska Trgovina CC 90"]
[Site "Ljubljana"]
[Date "2002.01.25"]
[Round "6"]
[White "Kharlov, Andrei"]
[Black "Volokitin, Andrei"]
[Result "1-0"]
[WhiteElo "2638"]
[BlackElo "2586"]
[Annotator "Ribli"]
[PlyCount "117"]
[EventDate "2002.01.19"]
[EventType "tourn"]
[EventRounds "11"]
[EventCountry "SLO"]
[EventCategory "11"]
[SourceTitle "CBM 088"]
[Source "ChessBase"]
[SourceDate "2002.03.21"]
[SourceVersion "1"]
[SourceVersionDate "2002.03.21"]
[SourceQuality "1"]

1. c4 Nf6 2. Nc3 g6 3. g3 Bg7 4. Bg2 O-O 5. Nf3 c5 {Der Textzug führt eine
symmetrische Stellung herbei, in der Weiß - dank seines Mehrtempos - die
Stellung öffnen kann.} (5... d5 $5 {Nach diesem Zug spielt Weiß gewöhnlich 6.
cxd5, und nach 6...Nxd5 7.d4 entsteht eine Grundstellung der
Grünfeld-Indischen Verteidigung.}) 6. d4 cxd4 7. Nxd4 Nc6 8. Nc2 {Der
routinierte GM Kharlov möchte die Figuren auf dem Brett halten - auf 8.0-0
könnte 8...Nxd4 folgen.} d6 9. O-O (9. Bd2) 9... Bd7 (9... Qa5 $5 {Die Dame
steht aktiv auf a5 und bereitet das Manöver Qh5 - Bh3 vor.} 10. Bd2) 10. b3 a6
11. Bb2 {[%csl Yd5] Weiß hat Raumvorteil, und seine zwei Läufer stehen gut auf
den großen Diagonalen. Stellungen wie dieser ist das Feld d5 ein positionelles
Loch in der schwarzen Stellung. Ansonsten steht Schwarz solide. In der Folge
kann er versuchen, b7-b5 durchzusetzen.} Ne8 {[%cal Ge8c7] Schwarz öffnet die
Diagonale des Bg7 und bereitet den Plan Nc7, b5 vor.} (11... Qa5 12. Rb1 Rab8
13. e4 Qh5 14. Qxh5 Nxh5 15. Rfd1 Rfd8 16. Nd5 Be6 17. f4 Bxb2 18. Rxb2 Ng7 19.
Nce3 $14 {1-0 Izoria,Z-Timofeev,A/Patras 2001/CBM 83 ext (40)}) (11... Rb8 $5)
12. Qd2 b5 {Aufgrund der Fesslung des Nc3 geht dieser Zug auch ohne
Vorbereitung. Der schwarze Plan besteht darin, den Pb5 gegen den Pc4
abzutauschen und danach das schwarze Bauernzentrum zu mobilisieren.} (12... Nc7
13. Ne3 Ne6 14. Ned5 Rb8 15. Rac1 b5 16. cxb5 axb5 17. Ne4 Bxb2 18. Qxb2 f5 19.
Nd2 Nc5 20. Nf4 {1/2-1/2 Adamski,J-Balcerowski,W/Szeczin 1967/EXT 2001 (72)})
13. Ne3 {Im Falle von 13...bxc4 kann Weiß mit dem Springer schlagen. Es droht
auch schon 14.cxb5, da der Bb2 jetzt verteidigt ist.} (13. cxb5 axb5 $11) 13...
Rb8 (13... bxc4 14. Nxc4 $14 {[%csl Gc4]}) 14. Rfd1 {[%cal Gd1d8] Weiß besitzt
spürbar Aktivität und macht Druck auf der d-Linie.} Qa5 $6 (14... bxc4 15. Nxc4
Nc7 16. Nxd6 exd6 17. Qxd6 Bxc3 18. Bxc3 Nb5 19. Qxd7 Nxc3 20. Bxc6 Nxd1 21.
Qxd1 Qf6 22. Bd5 Rfd8 23. e4 Rbc8 24. Rc1 Rxc1 25. Qxc1 $44 {1/2-1/2 Vogel,
J-Peek,M/Eindhoven 1989/EXT 99 (45)}) 15. c5 $1 {[%csl Rd7][%mdl 64] Es droht
16.Bxc6 Bxc6 17.Nd5. Schwarz befindet sich in großer Not.} Kh8 {Schwarz geht
möglichen Schachs auf e7 (nach 16.Bxc6 und 17.Nd5) aus dem Wege.} (15... Rd8 $2
16. Bxc6 Bxc6 17. Ncd5 $18) (15... b4 16. Ne4 Bxb2 17. Qxb2 f5 18. cxd6 $16)
16. Ne4 {Dieser Zug gewinnt eigentlich schon einen Bauern, denn wegen der
Fesslung auf der d-Linie kann Schwarz seinen d-Bauern nicht verteidigen.} (16.
Rac1 $5) 16... Qxd2 17. Bxg7+ Kxg7 18. Rxd2 {[%csl Rd6] Der Pd6 hängt, Schwarz
kann ihn nicht verteidigen.} Be6 (18... f5 $2 19. cxd6 fxe4 20. dxe7 $18) 19.
cxd6 exd6 20. Nxd6 $16 {Weiß hat einen Bauern mehr und dank seines aktives Bg2
auch positionellen Vorteil.} Ne7 (20... Nxd6 $2 21. Rxd6 $18 {[%cal Rd6a6]})
21. Ne4 $1 {[%cal Ge4c5] Der Springer strebt nach c5.} Nf6 22. Nc5 Rb6 23. b4 {
[%csl Gc5] Der Nc5 beherrscht das Brett. - Schwarz hat nicht nur einen Bauern
weniger sondern steht auch sehr passiv. Auf der anderen Seite ist es auch
nicht ganz so leicht für Weiß, den Materialvorteil zu verwerten.} Rfb8 24. a3 {
Weiß muss nicht eilen. Er verbessert seine Stellung Schritt für Schritt durch
kleine Züge - das ist ein wichtiges Prinzip in Endspielen wie diesem.} Bc8 25.
Rad1 {[%cal Gd1d8]} h5 26. h3 Nc6 27. Rd6 {[%csl Gd6]} Ne5 $6 {Die schwarze
Stellung ist schwer zu halten, aber der Textzug verliert weiteres Material.} (
27... Ne7 $16) 28. f4 {[%csl Re5]} Rxd6 (28... Ned7 29. Nxd7 Rxd6 (29... Nxd7
30. Rxd7 $18) 30. Nxb8 $18) (28... Nc4 29. Nxc4 bxc4 30. Rxb6 Rxb6 31. Rc1 $18
{[%csl Rc4][%cal Rc1c4]} (31. e4 $18)) 29. Rxd6 Ned7 30. Nxa6 Bxa6 31. Rxa6 {
[%mdl 1024] Weiß hat schon zwei Bauern mehr - Schwarz bekommt keine
Kompensation.} Nb6 32. Kf2 Na4 33. Rc6 (33. g4 $18) 33... Rd8 34. Rc2 {Weiß
verteidigt sich gegen das mögliche Eindringen des Turms auf d2.} h4 35. g4 Rd4
36. f5 (36. Bc6 $18) 36... Ne4+ (36... g5 37. Bc6 $18) 37. Bxe4 Rxe4 38. Kf3
Rd4 39. g5 {Droht 40.f6+. Schwarz kann nicht 39...exf5 spielen, wegen 40 .
Nxg5+.} Rd7 40. f6+ Kh7 41. Ke4 (41. Ng4 $18 {[%cal Gg4e5]}) 41... Nb6 42. Rc5
Na4 43. Rc1 (43. Rxb5 $4 Nc3+ $19 {[%cal Rc3b5,Rc3e4]}) (43. Rc8 $18) 43... Ra7
44. Nd5 Ra6 (44... Nb2 45. Rc7 $18) 45. Nc7 Rb6 46. Rc2 (46. Kd5) 46... Rb8 47.
Nd5 Rd8 48. Ke5 Re8+ 49. Kf4 Ra8 50. e4 Ra6 51. Kg4 Re6 52. Re2 Rc6 53. Kxh4
$18 {Nun, da Weiß schon ganze drei Bauern mehr hat, könnte Schwarz ruhig
aufgeben.} Rc1 54. Kg4 Ra1 55. Rc2 Rg1+ (55... Rxa3 56. Rc7 $18) 56. Kf4 Rf1+
57. Ke5 Rf3 58. h4 Rxa3 59. Rc7 1-0

[Event "Metalska Trgovina CC 90"]
[Site "Ljubljana"]
[Date "2002.01.28"]
[Round "9"]
[White "Farago, Ivan"]
[Black "Kharlov, Andrei"]
[Result "1/2-1/2"]
[WhiteElo "2500"]
[BlackElo "2638"]
[PlyCount "99"]
[EventDate "2002.01.19"]
[EventType "tourn"]
[EventRounds "11"]
[EventCountry "SLO"]
[EventCategory "11"]
[SourceTitle "CBM 088"]
[Source "ChessBase"]
[SourceDate "2002.03.21"]
[SourceVersion "1"]
[SourceVersionDate "2002.03.21"]
[SourceQuality "1"]

1. d4 e6 2. c4 b6 3. a3 Bb7 4. Nc3 f5 5. d5 Nf6 6. g3 g6 7. Bg2 Bg7 8. Nh3 O-O
9. O-O Na6 10. b4 Nh5 11. Qb3 Kh8 12. Bg5 Qc8 13. e4 fxe4 14. Nxe4 b5 15. cxb5
Bxd5 16. Qd1 Nb8 17. g4 Bxe4 18. Bxe4 d5 19. gxh5 dxe4 20. hxg6 Rf3 21. Kg2 Nd7
22. Be3 h6 23. Ng1 Rf6 24. Rc1 Rxg6+ 25. Kh1 Ne5 26. Rc5 Nd3 27. Rh5 Qb7 28.
Ne2 Rf8 29. Ng3 Nxf2+ 30. Rxf2 Rxf2 31. Bxf2 e3+ 32. Kg1 exf2+ 33. Kxf2 Rf6+
34. Kg1 Qf3 35. Qxf3 Rxf3 36. Kg2 Rxa3 37. Rc5 Rc3 38. Ne4 Rxc5 39. Nxc5 Bf8
40. Nxe6 Bd6 41. h3 Kh7 42. Kf3 Kg6 43. Ke4 Kh5 44. Kf3 Kh4 45. Kg2 h5 46. Nd4
Kg5 47. Nc6 Kf4 48. Nxa7 Bxb4 49. Nc6 Bc5 50. Nb8 1/2-1/2

[Event "Moscow Aeroflot op"]
[Site "Moscow"]
[Date "2002.02.06"]
[Round "3"]
[White "Kaidanov, Gregory"]
[Black "Kharlov, Andrei"]
[Result "1/2-1/2"]
[WhiteElo "2596"]
[BlackElo "2638"]
[PlyCount "35"]
[EventDate "2002.02.04"]
[EventType "swiss"]
[EventRounds "9"]
[EventCountry "RUS"]
[SourceTitle "CBM 088"]
[Source "ChessBase"]
[SourceDate "2002.03.21"]
[SourceVersion "1"]
[SourceVersionDate "2002.03.21"]
[SourceQuality "1"]

1. d4 d5 2. c4 e6 3. Nf3 c6 4. Nbd2 f5 5. g3 Nf6 6. Bg2 Nbd7 7. Ng5 Qe7 8. O-O
h6 9. Ngf3 g5 10. b3 Ne4 11. Qc2 Qg7 12. Bb2 Be7 13. Ne5 Nxd2 14. Qxd2 Bf6 15.
cxd5 exd5 16. Rac1 O-O 17. f4 Bd8 18. b4 1/2-1/2

[Event "Moscow Aeroflot op"]
[Site "Moscow"]
[Date "2002.02.08"]
[Round "6"]
[White "Mikhalevski, Victor"]
[Black "Kharlov, Andrei"]
[Result "1/2-1/2"]
[WhiteElo "2531"]
[BlackElo "2638"]
[Annotator "Lutz,C"]
[PlyCount "140"]
[EventDate "2002.02.04"]
[EventType "swiss"]
[EventRounds "9"]
[EventCountry "RUS"]
[SourceTitle "CBM 088"]
[Source "ChessBase"]
[SourceDate "2002.03.21"]
[SourceVersion "1"]
[SourceVersionDate "2002.03.21"]
[SourceQuality "1"]

1. d4 d5 2. c4 e6 3. Nf3 c6 4. Bg5 Nf6 5. Nc3 h6 6. Bxf6 Qxf6 7. e3 Nd7 8. Bd3
Bd6 9. O-O Qe7 (9... dxc4 10. Bxc4 Qe7 11. Ne4 (11. e4 e5 $1) 11... Bc7 12. Rc1
$14) 10. e4 $6 {Nicht die beste Fortsetzung.} (10. c5 Bc7 11. e4 dxe4 12. Nxe4
$14 {führt zu einer sehr bequemen Stellung für Weiß. Wenn er es schafft, ...
e6-e5 zu verhindern, verfügt er über einen angenehmen Raumvorteil.}) 10... dxc4
11. Bxc4 e5 12. d5 Nb6 $11 {So erreicht Schwarz beguqmen Ausgleich. Zwar ist
der Pc6 schwach, aber Schwarz kontrolliert diue schwarzen Felder.} 13. dxc6
bxc6 (13... Nxc4 $2 14. Nd5 Qe6 15. cxb7 Bxb7 16. Qa4+ $16) 14. Be2 (14. Bb3 $5
Bg4 15. h3 Bxf3 16. Qxf3 O-O 17. Rac1 Bc5 18. Ne2 Rac8 19. Rfd1 g6 20. Rc2 Kg7
21. Rdc1 Nd7 22. Ba4 Rc7 23. Rc4 Rb8 24. b3 a5 25. R1c2 Rb4 26. R4c3 Rb8 27. g3
Rbc8 28. Kg2 Qd6 29. h4 Bb4 30. Rd3 Qe7 31. h5 Nc5 32. Rd1 Ne6 33. Rh1 Bc5 34.
Qg4 Qg5 35. Qxg5 hxg5 36. hxg6 Kxg6 37. Rhc1 Ba3 38. Rd1 g4 39. Rh1 Be7 40. Rc4
Rd8 41. Bxc6 Rd2 42. Bd5 Rxe2 43. Bxe6 Rxc4 44. Bxc4 Rxa2 45. Re1 {1/2-1/2
Beliavsky,A-Sveshnikov,E/Bled 2000/EXT 2001 (45)}) 14... O-O (14... Bg4 15. Nd2
Be6 16. Bg4 O-O 17. Bxe6 Qxe6 18. Rc1 Rfd8 19. Qe2 Rab8 20. b3 Bb4 21. Rfd1 Rd6
22. Nf1 Rbd8 23. Rxd6 Rxd6 24. Nd1 Rd4 25. Rc2 Nd7 26. Nb2 Nc5 27. f3 Qd7 28.
Nc4 Rd1 29. Nb2 Qd4+ 30. Qf2 Ra1 31. Rc4 Qxf2+ 32. Kxf2 Rxa2 33. Rxb4 Nd3+ {
0-1 Kula,R-Thorhallsson,T/Arnhem 1988/TD (33)}) 15. Qc2 Bg4 16. Rac1 Rac8 17.
Nd1 c5 $2 {Schwarz spielt sehr riskant. Er gibt die Kontrolle über das Feld c6
auf und der c-Bauer wird bald fallen.} (17... Rfd8 18. Ne3 Be6 $11) 18. Ne3
Bxf3 19. Bxf3 c4 20. Be2 c3 21. bxc3 Bc5 22. Nf5 Qg5 23. Rcd1 Rfd8 24. g3 h5
25. Kg2 g6 26. f4 {Weiß geht energisch vor, aber Schwarz kann sich noch
verteidigen.} exf4 27. h4 Qf6 28. Nh6+ Kg7 29. Rxf4 Rxd1 30. Bxd1 Nc4 $1 {
So hält Schwarz noch gerade die Balance.} 31. Rxf6 (31. Qd3 $2 Qd6) 31... Ne3+
32. Kh3 Nxc2 33. Rxf7+ Kxh6 34. Bxc2 Bd6 35. Rf6 Rxc3 36. Rxd6 Rxc2 $14 {
Die Aktivität des schwarzen Turmes kompensiert den Minusbauern.} 37. Ra6 Re2
38. Ra4 a5 39. a3 Kg7 40. Rxa5 Rxe4 41. Kg2 Re3 42. Ra7+ Kf6 43. Ra6+ Kf5 44.
Ra8 Re2+ 45. Kf3 Ra2 46. Rf8+ Ke6 47. Re8+ Kf5 48. Re3 Ra1 49. Ke2 Kg4 50. Kd2
g5 51. hxg5 Kxg5 52. Kc2 Rh1 53. a4 Kf6 54. Kb3 Rh3 55. Rc3 Ke7 56. a5 h4 57.
gxh4 Rxh4 58. a6 Kd7 59. Rc5 Rh1 60. Kb4 Rb1+ 61. Ka5 Ra1+ 62. Kb6 Rb1+ 63. Ka5
Ra1+ 64. Kb6 Rb1+ 65. Ka7 Rb2 66. Ka8 Rb1 67. Ka7 Rb2 68. Rh5 Kc7 69. Rh7+ Kc8
70. Rh6 Kc7 1/2-1/2

[Event "Moscow Aeroflot op"]
[Site "Moscow"]
[Date "2002.02.09"]
[Round "7"]
[White "Kharlov, Andrei"]
[Black "Mchedlishvili, Mikheil"]
[Result "1-0"]
[WhiteElo "2638"]
[BlackElo "2527"]
[PlyCount "41"]
[EventDate "2002.02.04"]
[EventType "swiss"]
[EventRounds "9"]
[EventCountry "RUS"]
[SourceTitle "CBM 088"]
[Source "ChessBase"]
[SourceDate "2002.03.21"]
[SourceVersion "1"]
[SourceVersionDate "2002.03.21"]
[SourceQuality "1"]

1. c4 e5 2. g3 f5 3. Bg2 Nf6 4. d3 Bb4+ 5. Nd2 O-O 6. a3 Bxd2+ 7. Qxd2 Nc6 8.
Nf3 Qe8 9. b4 d6 10. Bb2 Qh5 11. d4 e4 12. d5 Ne7 13. Nd4 Bd7 14. f4 a6 15. Rc1
Rfc8 16. Nc2 Qf7 17. Ne3 b5 18. O-O bxc4 19. Bxf6 Qxf6 20. Rxc4 Bb5 21. Rc3 1-0

[Event "Moscow Aeroflot op"]
[Site "Moscow"]
[Date "2002.02.09"]
[Round "8"]
[White "Kharlov, Andrei"]
[Black "Nadanian, Ashot"]
[Result "1-0"]
[WhiteElo "2638"]
[BlackElo "2407"]
[Annotator "Ftacnik,L"]
[PlyCount "57"]
[EventDate "2002.02.04"]
[EventType "swiss"]
[EventRounds "9"]
[EventCountry "RUS"]
[SourceTitle "CBM 088"]
[Source "ChessBase"]
[SourceDate "2002.03.21"]
[SourceVersion "1"]
[SourceVersionDate "2002.03.21"]
[SourceQuality "1"]

1. c4 e6 2. Nc3 d5 3. d4 c5 4. e3 Nf6 5. Nf3 Nc6 6. cxd5 exd5 7. Bb5 Bd6 8. O-O
O-O 9. h3 Re8 10. dxc5 Bxc5 11. b3 a6 12. Bxc6 bxc6 13. Bb2 Qd6 14. Na4 Ba7 15.
Bd4 (15. Rc1 Ne4 16. Qc2 c5 17. Rfd1 Qg6 $5 18. Rxd5 Bxh3 19. g3 $13) 15... c5
(15... Ne4 16. Bxa7 Rxa7 17. Nd2 (17. Rc1 Qg6 18. Nh4 Qh6 19. Nf3 Qg6 $11)
17... Nxd2 18. Qxd2 Qg6 $1 19. Kh2 Qd6+ 20. Kh1 (20. g3 $2 Qh6) 20... Qh6 21.
Qd4 {/\22...Re4} (21. Kh2 Qd6+ 22. Kh1 {1/2-1/2 Kharlov,A-Ulibin,M/Elista 1996/
(22)}) 21... Rae7 $1 $17) 16. Bxf6 $5 Qxf6 $2 {[%mdl 16] Black is too greedy
positionally and rather than give up the perfect kingside structure he
sacrifices the pawn.} (16... gxf6 17. Qd3 Bb7 18. Nb2 Rad8 19. Rfe1 Qe6 $11)
17. Qxd5 Bf5 18. Rad1 Be4 (18... c4 $5 19. Qxc4 $1 (19. bxc4 Bc2 20. Nc5 Bxc5
21. Rd2 Be4 22. Qxc5 Bxf3 23. gxf3 Qxf3 24. Kh2 $14) 19... Bxh3 20. Qh4 Qxh4
21. Nxh4 Bg4 22. Nf3 $16) (18... Rad8 19. Qb7 Ra8 20. Ne1 $1 Qg6 21. Kh1 Be4
22. Qc7 $16) 19. Qg5 Qc6 (19... Bxf3 20. Qxf6 gxf6 21. gxf3 Rad8 22. Nb2 $18)
20. Ne5 Qc7 (20... Rxe5 21. Qxe5 Bxg2 22. Qg5 $1 Bxf1 23. Rd8+ Qe8 24. Rxe8+
Rxe8 25. Kxf1 $18) 21. Nc4 Re6 (21... Rad8 22. Nc3 Bb8 23. f4 $16) 22. f3 Bc6 (
22... h6 23. Qh4 Bc6 24. Nc3 Rae8 25. Nd5 Qb7 26. e4 $16) 23. Nc3 Rae8 24. Nd5
$1 {The bishop on a7 cuts a sorry picture, black has no compensation for his
positional and material suffering.} Qb8 (24... Bxd5 25. Rxd5 Bb8 26. f4 $16)
25. Qf4 Qb7 (25... Qxf4 26. Nxf4 R6e7 27. Rd3 Bb8 28. Nd5 Rd7 29. Rfd1 $16) 26.
Nd6 Rxd6 27. Qxd6 h6 (27... Bb8 28. Qxc5 Ba7 29. Qc4 Re5 30. Nb4 Bxe3+ 31. Kh1
$18) 28. Rfe1 Re6 29. Qc7 (29. Qc7 Bxd5 30. Qd8+ Kh7 31. Qxd5 $18) 1-0

[Event "Moscow Aeroflot op"]
[Site "Moscow"]
[Date "2002.02.10"]
[Round "9"]
[White "Moiseenko, Alexander"]
[Black "Kharlov, Andrei"]
[Result "1/2-1/2"]
[WhiteElo "2559"]
[BlackElo "2638"]
[PlyCount "76"]
[EventDate "2002.02.04"]
[EventType "swiss"]
[EventRounds "9"]
[EventCountry "RUS"]
[SourceTitle "CBM 088"]
[Source "ChessBase"]
[SourceDate "2002.03.21"]
[SourceVersion "1"]
[SourceVersionDate "2002.03.21"]
[SourceQuality "1"]

1. d4 d5 2. c4 e6 3. Nc3 c6 4. e3 f5 5. g4 Nf6 6. gxf5 exf5 7. Nf3 Be6 8. Qb3
Qb6 9. c5 Qc7 10. Bd3 Be7 11. Ne2 Nh5 12. Qc2 g6 13. b4 Nd7 14. Bd2 Ndf6 15.
Ng3 Nxg3 16. hxg3 Ne4 17. Ke2 Bf6 18. b5 cxb5 19. Bxb5+ Kf7 20. Rab1 h5 21. Qb3
Rab8 22. Qa3 g5 23. Bd3 g4 24. Nh4 Ra8 25. Qb3 Rab8 26. Nxf5 b6 27. Nd6+ Nxd6
28. cxd6 Qxd6 29. Rbc1 h4 30. Qa4 Rb7 31. Bb4 b5 32. Bxd6 bxa4 33. gxh4 Rxh4
34. Rxh4 Bxh4 35. Rc7+ Rxc7 36. Bxc7 Be7 37. Kf1 Kf6 38. Be5+ Kg5 1/2-1/2

[Event "Tula Suetin Memorial op"]
[Site "Tula"]
[Date "2002.03.23"]
[Round "1"]
[White "Bratchenko, Alexander"]
[Black "Kharlov, Andrei"]
[Result "0-1"]
[WhiteElo "2382"]
[BlackElo "2638"]
[PlyCount "86"]
[EventDate "2002.03.23"]
[EventType "swiss"]
[EventRounds "9"]
[EventCountry "RUS"]
[SourceTitle "CBM 087 ext"]
[Source "ChessBase"]
[SourceDate "2002.05.03"]
[SourceVersion "2"]
[SourceVersionDate "2002.08.09"]
[SourceQuality "1"]

1. d4 d5 2. c4 e6 3. Nf3 Nf6 4. Nc3 dxc4 5. e3 a6 6. Bxc4 b5 7. Be2 Bb7 8. a3
Nbd7 9. b4 Bd6 10. O-O O-O 11. Nd2 e5 12. Nb3 exd4 13. exd4 Nd5 14. Nxd5 Bxd5
15. Bf3 Bxf3 16. Qxf3 Qf6 17. Qxf6 Nxf6 18. Re1 Nd5 19. Bd2 f6 20. g3 Kf7 21.
Rac1 g5 22. Na5 Rfe8 23. Kg2 h5 24. h3 Kg6 25. Nb7 Nb6 26. Na5 Kf5 27. f3 Kg6
28. g4 hxg4 29. hxg4 Rxe1 30. Rxe1 Rh8 31. Rh1 Rxh1 32. Kxh1 Kf7 33. Nc6 Ke6
34. Nb8 Kd5 35. Nxa6 Kxd4 36. Kg2 Nc4 37. Bc1 c6 38. Kf2 Kd3 39. f4 gxf4 40.
Kf3 Ne3 41. Nc5+ Bxc5 42. bxc5 Kc2 43. Kxf4 Kxc1 0-1

[Event "Tula Suetin Memorial op"]
[Site "Tula"]
[Date "2002.03.24"]
[Round "2"]
[White "Kharlov, Andrei"]
[Black "Selin, Oleg"]
[Result "1-0"]
[WhiteElo "2638"]
[BlackElo "2440"]
[PlyCount "125"]
[EventDate "2002.03.23"]
[EventType "swiss"]
[EventRounds "9"]
[EventCountry "RUS"]
[SourceTitle "CBM 087 ext"]
[Source "ChessBase"]
[SourceDate "2002.05.03"]
[SourceVersion "2"]
[SourceVersionDate "2002.08.09"]
[SourceQuality "1"]

1. c4 Nf6 2. Nc3 g6 3. g3 Bg7 4. Bg2 O-O 5. Nf3 d6 6. O-O Nc6 7. Rb1 a5 8. a3
e5 9. d3 h6 10. b4 axb4 11. axb4 Be6 12. b5 Ne7 13. Bb2 Qd7 14. c5 Nh5 15. d4
f5 16. cxd6 cxd6 17. dxe5 dxe5 18. Qxd7 Bxd7 19. Rfd1 Be6 20. Rd6 Kf7 21. e4
Nc8 22. Rxe6 Kxe6 23. Nh4 Ne7 24. exf5+ gxf5 25. Bxb7 Rab8 26. Na4 Rfd8 27.
Nc5+ Kf7 28. Bc3 Bf6 29. Nf3 Ng6 30. Ba5 e4 31. Bxd8 Rxd8 32. Nxe4 fxe4 33.
Bxe4 Ne5 34. b6 Nxf3+ 35. Bxf3 Ng7 36. b7 Be5 37. Rb6 h5 38. Rh6 Rb8 39. Bxh5+
Nxh5 40. Rxh5 Ke6 41. Rh7 Bf6 42. Kg2 Be7 43. Rh6+ Bf6 44. g4 Kf7 45. f4 Rxb7
46. g5 Be7 47. Kg3 Rb4 48. h4 Rb5 49. Kg4 Rb4 50. Rh7+ Ke6 51. h5 Bd6 52. Rh6+
Ke7 53. Rf6 Be5 54. Rf5 Bc3 55. h6 Ke6 56. Rc5 Bd2 57. Re5+ Kf7 58. Rf5+ Kg6
59. Rf6+ Kh7 60. Rf7+ Kg8 61. g6 Rb8 62. h7+ Kh8 63. g7+ 1-0

[Event "Tula Suetin Memorial op"]
[Site "Tula"]
[Date "2002.03.25"]
[Round "3"]
[White "Kovalevskaya, Ekaterina"]
[Black "Kharlov, Andrei"]
[Result "1/2-1/2"]
[WhiteElo "2462"]
[BlackElo "2638"]
[PlyCount "145"]
[EventDate "2002.03.23"]
[EventType "swiss"]
[EventRounds "9"]
[EventCountry "RUS"]
[SourceTitle "CBM 087 ext"]
[Source "ChessBase"]
[SourceDate "2002.05.03"]
[SourceVersion "2"]
[SourceVersionDate "2002.08.09"]
[SourceQuality "1"]

1. e4 e5 2. Nf3 Nc6 3. Bb5 Nf6 4. d3 d6 5. O-O Bd7 6. c3 a6 7. Ba4 g6 8. Nbd2
Bg7 9. d4 b5 10. Bc2 O-O 11. dxe5 Nxe5 12. Nxe5 dxe5 13. Nb3 Qe7 14. Be3 Rfd8
15. f3 Nh5 16. Qe1 a5 17. Rf2 Nf4 18. Nc5 Be8 19. b4 a4 20. Qf1 Bh6 21. Bc1 Qh4
22. g3 Nh3+ 23. Kg2 Qh5 24. Re2 Bxc1 25. Rxc1 Rd6 26. Rd1 Bc6 27. Red2 Rad8 28.
Rd3 Kg7 29. Qe2 Qh6 30. R1d2 Qh5 31. f4 Qh6 32. fxe5 Rxd3 33. Rxd3 Re8 34. e6
Ng5 35. exf7 Rxe4 36. Nxe4 Bxe4+ 37. Kg1 Bxd3 38. Bxd3 Nxf7 39. Bxb5 Qc1+ 40.
Kg2 a3 41. Bc4 Qxc3 42. Bxf7 Kxf7 43. Qf3+ Qf6 44. Qxa3 Kg7 45. Qc1 Qe5 46. Qd2
c5 47. bxc5 Qxc5 48. Qb2+ Kh6 49. h4 Qd5+ 50. Kh2 Qd1 51. a3 Qa4 52. Qc3 Qd1
53. Qf6 Qd2+ 54. Kh3 Qd7+ 55. Kg2 Qd5+ 56. Qf3 Qa2+ 57. Kh3 Kg7 58. Qc3+ Kg8
59. Qc8+ Kg7 60. Qd7+ Kg8 61. a4 h5 62. Qb5 Qe6+ 63. Kg2 Qe4+ 64. Kf2 Qd4+ 65.
Kg2 Qe4+ 66. Kh2 Qc2+ 67. Kg1 Qd1+ 68. Kg2 Qd2+ 69. Kf3 Qd1+ 70. Ke3 Qe1+ 71.
Kf3 Qd1+ 72. Ke3 Qe1+ 73. Kf3 1/2-1/2

[Event "Tula Suetin Memorial op"]
[Site "Tula"]
[Date "2002.03.26"]
[Round "4"]
[White "Kharlov, Andrei"]
[Black "Iljushin, Alexei"]
[Result "1-0"]
[WhiteElo "2638"]
[BlackElo "2523"]
[PlyCount "147"]
[EventDate "2002.03.23"]
[EventType "swiss"]
[EventRounds "9"]
[EventCountry "RUS"]
[SourceTitle "CBM 087 ext"]
[Source "ChessBase"]
[SourceDate "2002.05.03"]
[SourceVersion "2"]
[SourceVersionDate "2002.08.09"]
[SourceQuality "1"]

1. e4 e6 2. d4 d5 3. e5 c5 4. c3 Nc6 5. Nf3 Qb6 6. a3 c4 7. Nbd2 Na5 8. Be2 Bd7
9. O-O Ne7 10. Re1 h6 11. Rb1 Qc7 12. Bf1 Nc8 13. Re3 Nb6 14. Ne1 O-O-O 15. f4
g6 16. Rh3 Be7 17. Ndf3 Ba4 18. Qe2 h5 19. Be3 Bb3 20. Bf2 Na4 21. Ra1 Nc6 22.
Bh4 Bxh4 23. Nxh4 Ne7 24. Nef3 Nb6 25. Ng5 Rdf8 26. Qd2 Qd7 27. Be2 Kb8 28. g4
hxg4 29. Bxg4 Na8 30. Ng2 Rxh3 31. Bxh3 Nc7 32. Ne3 Rh8 33. Rf1 Ng8 34. Ng4 Ne8
35. Qe2 Qe7 36. Rf3 Ba2 37. Qe1 Bb3 38. Ne3 Ng7 39. Bg4 Ba4 40. Qf1 Be8 41. Rh3
Rh6 42. Rxh6 Nxh6 43. h3 Bc6 44. Qf2 f6 45. exf6 Qxf6 46. Ng2 a5 47. Qe1 Nxg4
48. hxg4 Ba4 49. Qe5+ Qxe5 50. fxe5 Bd1 51. Ne3 Be2 52. Kf2 Bd3 53. Kg3 Kc7 54.
Kh4 Kd7 55. Nh7 Ke7 56. Ng2 Ne8 57. Kg3 Nc7 58. Ng5 b5 59. Nf4 Bc2 60. Kf2 Kd7
61. Ke2 Bb1 62. Kd2 a4 63. Nf7 Be4 64. Ke3 Bc2 65. Nh8 g5 66. Nh3 Bd1 67. Nf2
Bb3 68. Nf7 b4 69. axb4 a3 70. bxa3 Nb5 71. Kd2 Nxa3 72. Kc1 Nc2 73. Nxg5 Ne3
74. Nh7 1-0

[Event "Tula Suetin Memorial op"]
[Site "Tula"]
[Date "2002.03.28"]
[Round "6"]
[White "Kharlov, Andrei"]
[Black "Arzumanian, Georgy"]
[Result "0-1"]
[WhiteElo "2638"]
[BlackElo "2424"]
[PlyCount "54"]
[EventDate "2002.03.23"]
[EventType "swiss"]
[EventRounds "9"]
[EventCountry "RUS"]
[SourceTitle "CBM 087 ext"]
[Source "ChessBase"]
[SourceDate "2002.05.03"]
[SourceVersion "2"]
[SourceVersionDate "2002.08.09"]
[SourceQuality "1"]

1. d4 d5 2. c4 e6 3. Nc3 c6 4. e4 dxe4 5. Nxe4 Bb4+ 6. Bd2 Qxd4 7. Bxb4 Qxe4+
8. Ne2 Na6 9. Bf8 Ne7 10. Bxg7 Nb4 11. Qd6 Nc2+ 12. Kd2 Nxa1 13. Bxh8 Qc2+ 14.
Ke1 e5 15. f3 Qxb2 16. Bxe5 Qb1+ 17. Kf2 Nf5 18. Qd2 Nc2 19. Bc7 Be6 20. Nc3
Qb2 21. Bd3 Nb4 22. Ke1 Nxd3+ 23. Qxd3 Rc8 24. Be5 Rd8 25. Qe2 Qc1+ 26. Kf2
Qxh1 27. Ne4 Rd1 0-1

[Event "Tula Suetin Memorial op"]
[Site "Tula"]
[Date "2002.03.29"]
[Round "7"]
[White "Kharlov, Andrei"]
[Black "Kalugin, Sergey"]
[Result "1/2-1/2"]
[WhiteElo "2638"]
[BlackElo "2449"]
[PlyCount "72"]
[EventDate "2002.03.23"]
[EventType "swiss"]
[EventRounds "9"]
[EventCountry "RUS"]
[SourceTitle "CBM 087 ext"]
[Source "ChessBase"]
[SourceDate "2002.05.03"]
[SourceVersion "2"]
[SourceVersionDate "2002.08.09"]
[SourceQuality "1"]

1. d4 Nf6 2. c4 e6 3. Nc3 d5 4. cxd5 exd5 5. Bg5 Be7 6. e3 c6 7. Bd3 Nbd7 8.
Nf3 O-O 9. Qc2 Re8 10. O-O g6 11. Rab1 Nh5 12. Bxe7 Qxe7 13. b4 a6 14. Na4 Ng7
15. Nc5 Nb6 16. a4 Bf5 17. Nd2 Bxd3 18. Qxd3 Nf5 19. a5 Nc8 20. Rbe1 Ncd6 21.
Re2 Nb5 22. Ndb3 Rad8 23. f3 Qc7 24. g4 Ng7 25. e4 dxe4 26. Rxe4 f5 27. gxf5
gxf5 28. Qc4+ Kh8 29. Rxe8+ Rxe8 30. Nd3 Ne6 31. Kh1 Qg7 32. Rg1 Qf6 33. Ne5
Nbxd4 34. Nd7 Qh4 35. Ne5 Qf6 36. Nd7 Qh4 1/2-1/2